Zgadnij klub po herbie (poziom średni) - Statystyki

Ogólne statystyki
  • Ten quiz został rozwiązany 104 razy
  • Średni wynik to 12 z 16
Statystyki odpowiedzi
Obrazkowy Odpowiedź % Poprawnych
Everton
98%
Nice
94%
FC Torino
92%
Braga
82%
Fulham
82%
Osasuna
81%
Mallorca
77%
Slavia Praga
76%
Anderlecht
75%
Besiktas
74%
Genoa
74%
Werder Brema
73%
AZ Alkmaar
71%
FC Freiburg
70%
Wolverhampton
70%
Borussia Monchengladbach
52%
Nie znaleziono quizów pasujących do podanych kryteriów
Rozkład punktacji
Procent ludzi z każdym wynikiem
Percentyl według liczby udzielonych odpowiedzi
Twoja historia wyników
Nie rozwiązałeś tego quizu